000 00306nam a2200133Ia 4500
008 230312s9999||||xx |||||||||||||| ||und||
082 _a891.4
_bBUS-K
100 _aبشریٰ رحمٰن
245 0 _aقلم کہا نیاں
260 _apak
_c2004
300 _a925
650 _aLiterature
942 _cBK
999 _c15053
_d15053